[Event "POL-chT3 Kujawsko-Pomorskie 2223"]
[Site "Poland"]
[Date "2023.??.??"]
[Round "6.21"]
[White "Jesse, Jacek"]
[Black "Cichocki, Konrad"]
[Result "1/2-1/2"]
[WhiteElo "1889"]
[BlackElo "1758"]
[PlyCount "110"]
[EventDate "2022.11.13"]
[EventType "team-swiss"]
[EventRounds "7"]
[EventCountry "POL"]
[SourceTitle "EXT 2024"]
[Source "ChessBase"]
[SourceDate "2023.10.10"]
[SourceVersion "1"]
[SourceVersionDate "2023.10.10"]
[SourceQuality "1"]

1. d4 Nf6 2. c4 e6 3. Nc3 d5 4. Bg5 Nbd7 5. c5 c6 6. Nf3 b6 7. b4 a5 8. a3 Be7 9. e3 h6 10. Bf4 Nh5 11. Bd3 Nxf4 12. exf4 Bf6 13. Ne5 Bxe5 14. fxe5 Qh4 15. Ne2 Ba6 16. Bxa6 Rxa6 17. Qd3 b5 18. 0-0 axb4 19. axb4 Rxa1 20. Rxa1 0-0 21. Ra7 Qd8 22. g3 f5 23. Nf4 Qe8 24. h4 g5 25. hxg5 hxg5 26. Nh3 g4 27. Nf4 Rf7 28. Qa3 Kg7 29. Ra8 Qe7 30. Rc8 Nf8 31. Rxc6 Kh6 32. Nxd5 Qb7 33. Qa6 Qxa6 34. Rxa6 Rd7 35. Nf4 Rxd4 36. Nxe6 Nxe6 37. Rxe6+ Kg5 38. c6 Rxb4 39. c7 Rc4 40. Rb6 b4 41. Rb7 b3 42. e6 b2 43. e7 Rxc7 44. e8Q Rxb7 45. Qg8+ Kh6 46. Qh8+ Kg5 47. Qd8+ Kh5 48. Qe8+ Kg5 49. f4+ gxf3 50. Qe3+ Kg6 51. Qe6+ Kg7 52. Qe5+ Kg6 53. Qe8+ Kg7 54. Qe5+ Kg6 55. Qe6+ Kg7 1/2-1/2

[Event "POL-chT3 Kujawsko Pomorskie 1617"]
[Site "Poland"]
[Date "2017.??.??"]
[Round "4.3"]
[White "Cichocki, Konrad"]
[Black "Bieluszewski, Lukasz"]
[Result "1-0"]
[WhiteElo "1825"]
[BlackElo "1646"]
[PlyCount "65"]
[EventDate "2016.11.06"]
[EventType "team-tourn"]
[EventRounds "9"]
[EventCountry "POL"]
[SourceTitle "EXT 2018"]
[Source "ChessBase"]
[SourceDate "2017.10.13"]
[SourceVersion "1"]
[SourceVersionDate "2017.10.13"]
[SourceQuality "1"]

1. c4 e5 2. Nc3 Nf6 3. g3 Bc5 4. e3 d6 5. Bg2 0-0 6. Nge2 c6 7. 0-0 Be6 8. d4 exd4 9. exd4 Bb6 10. d5 Bg4 11. h3 Bd7 12. Bf4 Bc7 13. dxc6 Bxc6 14. Nd4 Bxg2 15. Kxg2 a6 16. Qf3 Qc8 17. Nd5 Nxd5 18. Qxd5 g6 19. Rfe1 Nd7 20. Bh6 Nb6 21. Qf3 Qd8 22. Bxf8 Qxf8 23. Qxb7 Rc8 24. Nc6 Bd8 25. b3 Kg7 26. Nxd8 Qxd8 27. Re7 Qf8 28. Rae1 Rb8 29. Rxf7+ Qxf7 30. Qxb8 Nd7 31. Qxd6 Qf5 32. Re7+ Kh6 33. Qxd7 1-0

[Event "Wloclawek CC Classic 18th"]
[Site "Wloclawek"]
[Date "2017.??.??"]
[Round "2"]
[White "Cichocki, Konrad"]
[Black "Czekalski, Pawel"]
[Result "1-0"]
[WhiteElo "1838"]
[BlackElo "1296"]
[PlyCount "54"]
[EventDate "2017.04.??"]
[EventType "swiss"]
[EventRounds "7"]
[EventCountry "POL"]
[SourceTitle "EXT 2021"]
[Source "ChessBase"]
[SourceDate "2020.10.23"]
[SourceVersion "1"]
[SourceVersionDate "2020.10.23"]
[SourceQuality "1"]

1. e4 e5 2. Nf3 Nc6 3. Bc4 b6 4. d4 d6 5. 0-0 Bb7 6. d5 Nce7 7. Nc3 Nf6 8. Qe2 a6 9. a4 h5 10. Bg5 Ng6 11. Nh4 Nf4 12. Qf3 Be7 13. Bxf4 exf4 14. Qxf4 Rg8 15. Nf3 Ng4 16. e5 g5 17. Qf5 Bc8 18. e6 Bf6 19. Qh7 Rg7 20. Qxh5 Nxh2 21. Nxh2 Qe7 22. Ng4 Rg6 23. Rfe1 Bxe6 24. Rxe6 fxe6 25. Qxg6+ Qf7 26. Nxf6+ Ke7 27. Qxf7+ Kxf7 1-0

[Event "Wloclawek CC Classic 18th"]
[Site "Wloclawek"]
[Date "2017.??.??"]
[Round "3"]
[White "Graczyk, Piotr"]
[Black "Cichocki, Konrad"]
[Result "0-1"]
[WhiteElo "1359"]
[BlackElo "1838"]
[PlyCount "52"]
[EventDate "2017.04.??"]
[EventType "swiss"]
[EventRounds "7"]
[EventCountry "POL"]
[SourceTitle "EXT 2021"]
[Source "ChessBase"]
[SourceDate "2020.10.23"]
[SourceVersion "1"]
[SourceVersionDate "2020.10.23"]
[SourceQuality "1"]

1. d4 Nf6 2. c4 e6 3. Nc3 Bb4 4. a3 Bxc3+ 5. bxc3 c5 6. e3 0-0 7. Nf3 Nc6 8. Bd3 b6 9. 0-0 d6 10. d5 Na5 11. e4 Ba6 12. e5 dxe5 13. Nxe5 exd5 14. Bg5 dxc4 15. Bxf6 Qxf6 16. Nd7 Qxc3 17. Nxf8 cxd3 18. Nxh7 Kxh7 19. Qh5+ Kg8 20. Rfc1 Qd4 21. Rd1 c4 22. Rac1 Nb3 23. Rb1 d2 24. Qf3 Rd8 25. Rxb3 cxb3 26. Qxb3 Be2 0-1

[Event "Wloclawek CC Classic 19th"]
[Site "Wloclawek"]
[Date "2017.??.??"]
[Round "5"]
[White "Pawletko, Szymon"]
[Black "Cichocki, Konrad"]
[Result "1-0"]
[WhiteElo "1816"]
[BlackElo "1836"]
[PlyCount "47"]
[EventDate "2017.06.??"]
[EventType "swiss"]
[EventRounds "7"]
[EventCountry "POL"]
[SourceTitle "EXT 2021"]
[Source "ChessBase"]
[SourceDate "2020.10.23"]
[SourceVersion "1"]
[SourceVersionDate "2020.10.23"]
[SourceQuality "1"]

1. e4 e5 2. Nf3 Nc6 3. d4 exd4 4. Bc4 Nf6 5. e5 d5 6. Bb5 Ne4 7. Nxd4 Bd7 8. Bxc6 bxc6 9. 0-0 Bc5 10. Be3 Qe7 11. f3 Ng5 12. f4 Ne4 13. Nd2 Nxd2 14. Qxd2 0-0 15. Rae1 Bb6 16. c3 Rae8 17. f5 Qxe5 18. f6 Qh5 19. fxg7 Kxg7 20. Kh1 Re4 21. Bg5 Bxd4 22. Rxe4 dxe4 23. Qxd4+ Kg6 24. Qf6# 1-0

[Event "POL-chT3 Kujawsko Pomorskie 1617"]
[Site "Poland"]
[Date "2017.??.??"]
[Round "5.3"]
[White "Urban, Jacek"]
[Black "Cichocki, Konrad"]
[Result "0-1"]
[WhiteElo "1485"]
[BlackElo "1825"]
[PlyCount "108"]
[EventDate "2016.11.06"]
[EventType "team-tourn"]
[EventRounds "9"]
[EventCountry "POL"]
[SourceTitle "EXT 2018"]
[Source "ChessBase"]
[SourceDate "2017.10.13"]
[SourceVersion "1"]
[SourceVersionDate "2017.10.13"]
[SourceQuality "1"]

1. d4 Nf6 2. Nf3 e6 3. g3 c5 4. Bg2 Nc6 5. c3 d5 6. e3 Bd6 7. 0-0 0-0 8. Re1 Qb6 9. Nbd2 Rd8 10. b3 Bd7 11. Bb2 Be8 12. Rc1 Rac8 13. a3 a5 14. Bf1 Qa7 15. Bd3 Qb8 16. e4 dxe4 17. Nxe4 Nxe4 18. Bxe4 h6 19. Qe2 cxd4 20. cxd4 Bf8 21. Red1 Ne7 22. Ne5 Nd5 23. Nc4 Qa7 24. Ne3 Nf6 25. Bg2 Qb6 26. Rd3 Rxc1+ 27. Bxc1 Rxd4 28. Rxd4 Qxd4 29. Bb2 Qb6 30. Qd3 Bc6 31. a4 Bxg2 32. Kxg2 Qc6+ 33. f3 Nd5 34. Nc4 b6 35. Ne5 Qc7 36. Kh3 Bb4 37. Nc4 Bc5 38. Qe4 Qe7 39. f4 Nf6 40. Qe5 Qd7 41. Qe2 Qd5 42. Bxf6 gxf6 43. g4 Qd4 44. Qf3 Kg7 45. Kh4 e5 46. fxe5 fxe5 47. Kh5 e4 48. Qf4 Qf6 49. Qxf6+ Kxf6 50. Nd2 e3 51. Nf3 e2 52. h4 Kg7 53. g5 hxg5 54. hxg5 Bf2 0-1